00261nam a2200097Ia 4500008004100000041000800041082001600049100001900065245002600084260005300110231129s2006 xx 000 0 und d aeng a150.287/ANA aAnne Anas-Tasi aPsychological Testing aP.H.I. Ltd.New DelhibP.H.I. Ltd.New Delhic2006